000 00766cab a2200217 4500
001 ##L131460
008 051104n2005 000 0 eng u
035 _a(Sirsi) u131460
041 0 _aeng
100 1 _aWillis, Ben
245 0 0 _aSupplement
_bthe Northern Way 2005
260 3 _c2005
490 0 _aRegeneration and Renewal
_v28 October 2005, 3-23(18)
520 _aExplains and appraises the Northern Way, the government development strategy for the north of England: the Northern Way concept; the city regions; transport, rural development; housing, skills and governance.
590 _aIKA081105
690 _aPROPERTY-PROPERTY MANAGEMENT-REGENERATION
700 1 _aCoxon, Alexandra
700 1 _aColeman, Paul
700 1 _aRowe, Mark
942 _n0
999 _c76093
_d76093